000 01328nam a22002417a 4500
999 _c62119
_d62119
003 Ge_BSU
005 20240716171011.0
008 240716s2018 ge ||||| |||| 00| 0 geo d
020 _a9789941463730
041 _ageo
080 _a94(100)"04/14" ხ-80
100 _aხოფერია, ნიკა.
_922843
245 _aშუა საუკუნეები : 111 ამბავი /
_cნიკა ხოფერია ; რედ. ნატო გორდელაძე ; გარეკანის დიზაინერი ილია ხელაია.
264 _aთბილისი :
_bარტანუჯი,
_c 2018.
300 _a176 გვ. :
_bილ. ;
_c 19 სმ.
440 _aთან საკითხავი / სერიის მთ. რედაქტორი ბუბა კუდავა ; წ. 1
_922844
500 _aგარეკანზე ავტორი აღნიშნული არ არის.
653 _aშუა საუკუნეების ისტორია.
653 _a ისტორია.
700 _aგორდელაძე, ნატო
_eრედაქტორი
_914165
700 _aხელაია, ილია
_eგარეკანის დიზაინერი
_914070
942 _2udc
_cBK